Tvoje dieťa a drogy

Bibliographic Details
Main Author: Campbell, Ross, 1936- (Author)
Other Authors: Andoková, Marcela, 1976- (Translator)
Format: Book
Language:Slovak
English
PhysicalDescription:169 strán 21 cm
Published: Bratislava Porta libri 2003
ISBN:8089067093
Edition:1. vydanie
Subjects:

MARC

LEADER 00000cam a2200000 a 4500
001 vtls001457380
003 SK-MaSNL
005 20260301191025.0
008 240226s2003 xo grf 000 0 slo
015 |a SNBA2004/03-02141 
020 |a 8089067093  |q (brožované) 
035 |a SNK000412687 
035 |a urn:nbn:sk:snk-am3j1cv 
035 |a 08A43616-30F4-44E4-A89B-C20EB578BDD9 
035 |a urn:nbn:sk:snk-am00gfaq 
040 |a SNK  |b slo  |c SNK  |e AACR2 
041 1 |a slo  |h eng 
044 |a xo  |c SK 
072 7 |a 364  |x Sociálne problémy vyžadujúce podporu a pomoc. Sociálne zabezpečenie  |2 konspekt 
080 |a 316.346.32-053.2  |2 2011 
080 |a 364.692:615.015.6  |2 2011 
080 |a 613.81/.84  |2 2011 
080 |a 615.851:613.81/.84  |2 2011 
080 |a (035)  |2 2011 
080 |a 616.895.4  |2 2011 
100 1 |a Campbell, Ross,  |d 1936-  |4 aut  |9 300705 
240 1 0 |a Your child and drugs  |l Slovensky 
245 1 0 |a Tvoje dieťa a drogy  |c Ross Campbell ; preklad: Marcela Andoková 
250 |a 1. vydanie 
260 |a Bratislava  |b Porta libri  |c 2003 
300 |a 169 strán  |c 21 cm 
500 |a Pravdepodobne preložené z angličtiny 
504 |a Obsahuje zoznam 
650 0 7 |a deti a mládež  |2 SNKPH  |9 774 
650 0 7 |a drogová závislosť  |2 SNKPH  |9 1551 
650 0 7 |a drogová prevencia  |2 SNKPH  |9 1549 
650 0 7 |a protidrogová terapia  |2 SNKPH  |9 69802 
650 0 7 |a depresie  |2 SNKPH  |9 30104 
655 7 |a príručky  |2 SNKPH  |9 74364 
700 1 |a Andoková, Marcela,  |d 1976-  |4 trl  |9 167256 
919 |a 80-89067-09-3 
958 |a OP 
958 |a OND 
968 |b ENG 
999 |c 869643  |d 871573 
952 |a SNK  |b SNK  |y PREZ  |7 0  |p 17A0392890  |o snkSC 112506  |i snkKSP 9635/2003  |0 0  |1 0  |4 0  |d 2003-08-04  |f 1  |l 0  |r 2025-10-02 00:00:00  |w 2026-02-24 
952 |a SNK  |b SNK  |y VYP  |7 0  |p 17A0392891  |o snkSC 112506 D1  |i snkKSP 9636/2003  |0 0  |1 0  |4 0  |d 2003-08-04  |l 0  |r 2005-01-02 00:00:00  |w 2026-02-24